Score 0/20 Timer 03:00
0 Plays Today
Mixed Word Animal % Correct
COTEYOCoyote
94%
UGARJAJaguar
91.5%
YEKOMNMonkey
90.7%
OEKDNYDonkey
89.7%
LJAAKCJackal
87.9%
TARIBBRabbit
87.9%
REEVBABeaver
85%
PUMSSOPossum
81.7%
OLNAFCFalcon
81.3%
PRTAORParrot
81.3%
Mixed Word Animal % Correct
RTLETUTurtle
81.2%
SUWARLWalrus
80.2%
GORPEHGopher
74.4%
TYNOPHPython
62.8%
DNOCROCondor
58.2%
NMLSOASalmon
56%
BILREGGerbil
52.2%
WELAESWeasel
47.2%
ORYTESOyster
29.9%
ANMIRLMarlin
26.2%
Remove Ads.
Support Sporcle.
Get the best of Sporcle when you Go Orange. This ad-free experience offers more features, more stats, and more fun while also helping to support Sporcle. Thank you for becoming a member.

You're not logged in!

Compare scores with friends on all Sporcle quizzes.
OR
Log In

Show Comments

Extras

Top Quizzes Today


Score Distribution

Your Account Isn't Verified!

In order to create a playlist on Sporcle, you need to verify the email address you used during registration. Go to your Sporcle Settings to finish the process.

Report this User

Report this user for behavior that violates our Community Guidelines.

Details: